书目信息 |
| 题名: |
主题班会活动设计
|
|
| 作者: | 本书编写组编 | |
| 分册: | 安全教育卷 | |
| 出版信息: | 广州 广东世界图书出版公司 2011 |
|
| 页数: | 180页 | |
| 开本: | 23cm | |
| 丛书名: | 班级活动管理丛书 | |
| 单 册: | ||
| 中图分类: | G631 , G634.2 | |
| 科图分类: | ||
| 主题词: | 中小学--班会--设计 , 安全教育--班会--设计--中小学 , 中小学 , 班会 , 安全教育 | |
| 电子资源: | ||
| ISBN: | 978-7-5100-3343-8 | |
| 000 | 00900oam2 2200289 450 | |
| 001 | 5540 | |
| 005 | 20180528210831.49 | |
| 010 | @a978-7-5100-3343-8@dCNY25.80 | |
| 100 | @a20120504d2011 em y0chiy50 ea | |
| 101 | 0 | @achi |
| 102 | @aCN@b440000 | |
| 105 | @ay z 000yy | |
| 200 | 1 | @a主题班会活动设计@9zhu ti ban hui huo dong she ji@i安全教育卷@f本书编写组编 |
| 210 | @a广州@c广东世界图书出版公司@d2011 | |
| 215 | @a180页@d23cm | |
| 225 | 1 | @a班级活动管理丛书@f王立群,周作宇主编 |
| 330 | @a本书分为校园安全篇、居家安全篇、交通安全篇、自然灾害篇、社会活动篇、网络安全篇、食品安全篇、户外运动篇。 | |
| 461 | 0 | @12001 @a班级活动管理丛书 |
| 606 | 0 | @a中小学@x班会@x设计 |
| 606 | 0 | @a安全教育@x班会@x设计@x中小学 |
| 606 | 0 | @a中小学 |
| 606 | 0 | @a班会 |
| 606 | 0 | @a安全教育 |
| 690 | @aG631@v5 | |
| 690 | @aG634.2@v5 | |
| 801 | 0 | @aCN@b91MARC@c20130904 |
| 905 | @aMuseLib@dG631@e535 | |
| 主题班会活动设计.安全教育卷/本书编写组编.-广州:广东世界图书出版公司,2011 |
| 180页;23cm.-(班级活动管理丛书/王立群,周作宇主编) |
| ISBN 978-7-5100-3343-8:CNY25.80 |
| 本书分为校园安全篇、居家安全篇、交通安全篇、自然灾害篇、社会活动篇、网络安全篇、食品安全篇、户外运动篇。 |
| ● |
| 相关链接 |
|
|
|
|
正题名:主题班会活动设计
索取号:G631/535
 
预约/预借
| 序号 | 登录号 | 条形码 | 馆藏地/架位号 | 状态 | 备注 |
| 1 | 1113691 | 211136910 | 第一样本阅览室/ [索取号:G631/535] | 在馆 | |
| 2 | 1113692 | 211136929 | 教育系资料室/ [索取号:G631/535] | 在馆 | |
| 3 | 1113693 | 211136938 | 教育系资料室/ [索取号:G631/535] | 在馆 | |
| 4 | 1113694 | 211136947 | 第四借阅区/ [索取号:G631/535] | 在馆 |